000 00588nam a2200205Ia 4500
001 9426
003 GE_BSU
008 181216s||||||||xx |||||||||||||| ||und||
040 _cGE_BSU
080 _a550.34
100 _aМедведев,С.В.
245 _aИнженерная сейсмология.
245 _cНауч. ред. М.Г.Корф.
260 _aМ.
260 _bГосстройиздат.
260 _c1962.
300 _a283 стр. с илл. 21см. Библиогр.:стр.279-282.
653 _aИнженерная сейсмология.
942 _cBK
999 _c42720
_d42720